000 00568nam a22001697a 4500
005 20251108163338.0
008 250721s1983 xx 000 0 ara d
082 1 4 _a216,22/محا
100 1 _aالمحاسبي، الحارث بن اسد
245 1 0 _aفهم الصلاة :
_bتعلم الصلاة- الخشوع في الصلاة - عقوبة تارك الصلاة /
264 1 _aالقاهرة :
_bمكتبة القرآن،
_c1983.
300 _a79ص
490 0 _aاخترت لك من التراث
650 1 7 _aالصلوات
942 _2ddc
_cBK
999 _c331
_d331